[Event "AUTO-ELITE-1653"]
[Site "http://www.queenalice.com/game.php?id=1414453"]
[Date "2016.3.22"]
[Round "1"]
[White "trompmaster"]
[Black "ticoracer"]
[Result "0-1"]
[WhiteElo "2444"]
[BlackElo "2425"]

1. d4 d5 2. Nf3 Nf6 3. e3 c5 4. c4 e6 5. a3 Nc6 6. dxc5 Bxc5 7. b4 Bb6 8. Bb2
O-O 9. Nbd2 e5 10. c5 Bc7 11. Be2 a6 12. h3 Be6 13. Qc2 Qd7 14. Rd1 Rad8 15. Nc4
Bf5 16. Qc1 Qe7 17. Nb6 Bxb6 18. cxb6 Rd6 19. Bc3 Rfd8 20. a4 d4 21. Bd2 d3 22.
Bf1 e4 23. Nh4 Bd7 24. g3 g5 25. Ng2 Ne5 26. Nh4 gxh4 27. Bg2 Bxa4 28. Qc5 Bxd1
29. Kxd1 Qe6 30. Qc1 Rc6 31. Qb1 Rc2 32. gxh4 Nc4 33. Bc1 Qf5 0-1

[Event "AUTO-OPEN-3629"]
[Site "http://www.queenalice.com/game.php?id=1414668"]
[Date "2016.3.23"]
[Round "1"]
[White "ticoracer"]
[Black "mvson33"]
[Result "1-0"]
[WhiteElo "2409"]
[BlackElo "1840"]

1. e4 e6 2. d4 d5 3. Nc3 dxe4 4. Nxe4 Nd7 5. Nf3 Ngf6 6. Nxf6+ Nxf6 7. Bd3 b6 8.
Ne5 Bb7 9. c3 Be7 10. Bb5+ Kf8 11. Qe2 Nd7 12. Nxd7+ Kg8 13. Ne5 h5 14. Bc6 Bxc6
15. Nxc6 Qe8 16. Qf3 Bf6 17. O-O 1-0

[Event "AUTO-OPEN-3629"]
[Site "http://www.queenalice.com/game.php?id=1414669"]
[Date "2016.3.23"]
[Round "1"]
[White "mvson33"]
[Black "ticoracer"]
[Result "0-1"]
[WhiteElo "1884"]
[BlackElo "2412"]

1. Nf3 Nc6 2. d4 d5 3. Bf4 Bf5 4. e3 e6 5. c3 Bd6 6. Bxd6 cxd6 7. Bd3 Bxd3 8.
Qxd3 Nf6 9. O-O e5 10. dxe5 dxe5 11. Qc2 O-O 12. Nbd2 Rc8 13. Rad1 e4 14. Nd4
Nxd4 15. exd4 Nh5 16. Nb3 f5 17. Rde1 Nf4 18. f3 Qd6 19. fxe4 fxe4 20. Qd2 Nd3
21. Rd1 Qb6 22. Rb1 Qb5 23. h3 b6 24. Qc2 Qa6 25. Ra1 Rxf1+ 26. Rxf1 Qxa2 27.
Nc1 Qxb2 28. Qxb2 Nxb2 29. Ne2 Nd3 30. Ra1 a5 31. Rb1 a4 32. Rxb6 Ra8 33. Rb1 a3
34. Ra1 a2 35. Kh2 Kf7 36. Kg3 g5 37. h4 Kg6 38. hxg5 Kxg5 39. Kh3 Nf4+ 40. Nxf4
Kxf4 0-1

[Event "AUTO-OPEN-3629"]
[Site "http://www.queenalice.com/game.php?id=1414670"]
[Date "2016.3.23"]
[Round "1"]
[White "ticoracer"]
[Black "staleen"]
[Result "1-0"]
[WhiteElo "2424"]
[BlackElo "1534"]

1. e4 e5 2. Nf3 Nc6 3. d4 exd4 4. Nxd4 Bc5 5. Be3 Qf6 6. c3 Nge7 7. Qd2 Bb6 8.
Nb5 Bxe3 9. Qxe3 Kd8 10. Nd2 d6 11. g3 a6 12. Nd4 Bd7 13. Bg2 Ng6 14. f4 Re8 15.
O-O h5 16. Rad1 h4 17. e5 1-0

[Event "AUTO-OPEN-3629"]
[Site "http://www.queenalice.com/game.php?id=1414671"]
[Date "2016.3.23"]
[Round "1"]
[White "staleen"]
[Black "ticoracer"]
[Result "0-1"]
[WhiteElo "1536"]
[BlackElo "2423"]

1. d4 d5 2. c4 e6 3. Nc3 Nf6 4. cxd5 exd5 5. Bg5 c6 6. Qc2 Bd6 7. e3 O-O 8. Bd3
h6 9. Bf4 Bxf4 10. exf4 Re8+ 11. Nge2 b6 12. O-O c5 13. Rad1 c4 14. Bf5 Bxf5 15.
Qd2 Nc6 16. Ng3 Bd3 17. Rfe1 Rxe1+ 0-1

[Event "AUTO-OPEN-3629"]
[Site "http://www.queenalice.com/game.php?id=1414672"]
[Date "2016.3.23"]
[Round "1"]
[White "ticoracer"]
[Black "fenomeno"]
[Result "1-0"]
[WhiteElo "2433"]
[BlackElo "1679"]

1. e4 e5 2. Nf3 d6 3. d4 Nf6 4. dxe5 Nxe4 5. Bc4 Bg4 6. Qd5 Be6 7. Qxb7 Bxc4 8.
Qxa8 d5 9. Nbd2 Bb4 10. c3 Nxd2 11. Nxd2 O-O 12. Nxc4 dxc4 13. cxb4 Qe7 14. O-O
1-0

[Event "AUTO-OPEN-3629"]
[Site "http://www.queenalice.com/game.php?id=1414673"]
[Date "2016.3.23"]
[Round "1"]
[White "fenomeno"]
[Black "ticoracer"]
[Result "0-1"]
[WhiteElo "1677"]
[BlackElo "2434"]

1. e4 c5 2. Nf3 Nc6 3. c3 Nf6 4. Be2 Nxe4 5. O-O e6 6. d3 Nf6 7. Bg5 d5 8. b3
Bd6 9. d4 h6 10. Bxf6 Qxf6 11. Bb5 O-O 12. Nbd2 cxd4 13. Bxc6 bxc6 0-1

[Event "AUTO-OPEN-3629"]
[Site "http://www.queenalice.com/game.php?id=1428604"]
[Date "2016.6.22"]
[Round "2"]
[White "jnable"]
[Black "ticoracer"]
[Result "0-1"]
[WhiteElo "2171"]
[BlackElo "2473"]

1. d4 Nf6 2. Nf3 e6 3. c4 d5 4. e3 Be7 5. Nc3 O-O 6. Bd3 dxc4 7. Bxc4 c5 8. O-O
cxd4 9. Nxd4 Qc7 10. Qe2 a6 11. Bd3 Nbd7 12. e4 Rd8 13. Be3 Ne5 14. Bc2 b5 15.
Rac1 Bc5 16. Rfd1 Bb7 17. f3 Nc4 18. Bf2 Nxb2 19. Rd2 Nc4 20. Rdd1 Qe5 21. f4
Qxf4 22. Qe1 Ng4 23. Nce2 Qxh2+ 24. Kf1 e5 0-1

[Event "AUTO-OPEN-3629"]
[Site "http://www.queenalice.com/game.php?id=1428605"]
[Date "2016.6.22"]
[Round "2"]
[White "ticoracer"]
[Black "jnable"]
[Result "1-0"]
[WhiteElo "2463"]
[BlackElo "2193"]

1. e4 e6 2. d4 d5 3. exd5 exd5 4. Nf3 Nf6 5. Bd3 Bd6 6. O-O O-O 7. Re1 Bg4 8.
Be3 Nbd7 9. h3 Bh5 10. Nbd2 b6 11. c4 c5 12. cxd5 Nxd5 13. Bg5 N7f6 14. Be4 Bc7
15. Bxf6 gxf6 16. Qb3 Nf4 17. Bxa8 Qxa8 18. dxc5 Rd8 19. Ne4 Nd5 20. Rad1 bxc5
21. Rxd5 Bxf3 22. Nxf6+ Kg7 23. Qc3 Bxd5 24. Nh5+ Kg6 25. Qf6+ 1-0

[Event "AUTO-ELITE-1644"]
[Site "http://www.queenalice.com/game.php?id=1431541"]
[Date "2016.7.13"]
[Round "2"]
[White "ticoracer"]
[Black "rsgaspar"]
[Result "1-0"]
[WhiteElo "2486"]
[BlackElo "2465"]

1. e4 c5 2. Nf3 Nc6 3. Bb5 g6 4. O-O Bg7 5. Nc3 Nf6 6. e5 Ng4 7. Bxc6 dxc6 8.
Qe2 Qc7 9. Re1 O-O 10. d3 Nh6 11. Ne4 b6 12. Bf4 Nf5 13. c3 h5 14. h3 Ba6 15.
Rad1 Qc8 16. Neg5 Nh6 17. Qe4 Qf5 18. Qe3 Qc8 19. Qe2 Rd8 20. e6 f6 21. Nh4 fxg5
22. Bxg5 Kh7 23. Qe4 Nf5 24. Nxf5 gxf5 25. Qxf5+ Kh8 26. Qf3 Rxd3 27. Rxd3 Bxd3
28. Qxd3 Qe8 29. Qd7 Bf6 30. Bxf6+ exf6 31. Qb7 Rd8 32. Qxa7 b5 33. Qxc5 Rd5 34.
Qa7 Kg8 35. Re3 Rd1+ 36. Kh2 Kh8 37. Rg3 1-0

[Event "AUTO-ELITE-1644"]
[Site "http://www.queenalice.com/game.php?id=1431542"]
[Date "2016.7.13"]
[Round "2"]
[White "rsgaspar"]
[Black "ticoracer"]
[Result "0-1"]
[WhiteElo "2449"]
[BlackElo "2502"]

1. e4 e5 2. Nf3 Nc6 3. Bb5 a6 4. Ba4 Nf6 5. O-O Be7 6. Re1 b5 7. Bb3 d6 8. c3
O-O 9. h3 Bb7 10. d4 h6 11. a4 exd4 12. cxd4 Na5 13. Bc2 b4 14. Nbd2 c5 15. dxc5
dxc5 16. e5 Nh7 17. Qe2 Re8 18. e6 Bd5 19. Bd3 Bxe6 20. Bxa6 Bd6 21. Bb5 Re7 22.
Ne4 Bf5 23. Qc2 Bg6 24. Qd3 Re6 25. Re2 Nf6 26. Nfd2 Nxe4 27. Nxe4 Bc7 28. Qxd8+
Rxd8 29. Nd2 c4 30. Rxe6 fxe6 31. g3 c3 32. bxc3 bxc3 33. Ra2 Kf7 34. Be2 cxd2
35. Rxd2 Nc6 36. Rxd8 Bxd8 37. Bd1 Bb6 38. Be3 Bxe3 39. fxe3 Ke7 40. Kf2 Kd6 41.
Kf3 Ke5 42. Ke2 Na5 43. Kf2 Kd6 44. g4 Kc5 45. Kf3 Be8 46. h4 Nc4 47. Bc2 g5 48.
hxg5 hxg5 49. Kf2 Kb4 50. Bh7 Bxa4 51. Bg8 Bd7 52. e4 Kc3 53. Ke2 Ne5 54. Ke3
Nxg4+ 55. Kf3 Nf6 56. Bf7 Kd4 0-1

[Event "AUTO-ELITE-1646"]
[Site "http://www.queenalice.com/game.php?id=1436438"]
[Date "2016.8.16"]
[Round "2"]
[White "headhunter"]
[Black "ticoracer"]
[Result "1-0"]
[WhiteElo "2643"]
[BlackElo "2513"]

1. e4 e5 2. Nf3 Nc6 3. Bb5 a6 4. Ba4 Nf6 5. O-O Be7 6. Re1 O-O 7. Bxc6 dxc6 8.
Nxe5 Re8 9. Nf3 Bg4 10. d3 h6 11. Nbd2 Nd7 12. h3 Bh5 13. Nc4 b5 14. Na5 Bc5 15.
g4 Bg6 16. e5 Nb6 17. Nb7 Qd5 18. Nxc5 Qxc5 19. Bf4 Na4 20. b3 Nc3 21. Qc1 b4
22. a4 Qa5 23. Bd2 Qd5 24. Kg2 c5 25. Kg3 Rab8 26. Qb2 f5 27. Nh4 fxg4 28. hxg4
Bh7 29. Bxc3 bxc3 30. Qxc3 Rb4 31. f3 Rd4 32. Qd2 Rxe5 33. Rxe5 Qxe5+ 34. f4
Rxf4 35. Qxf4 Qxa1 36. Qc4+ Kh8 37. Nf3 Qf6 38. Qxc5 c6 39. Ne5 Bg8 40. Nxc6 Qa1
41. Qe3 Qc3 42. Nd4 Bf7 43. Kf3 Kg8 44. Qe4 Qd2 45. c4 Qd1+ 46. Kf4 Qd2+ 47. Kg3
Qb4 48. Qe3 Kh8 49. Kh3 Bg6 50. Qf3 Qc3 51. Nf5 Bxf5 52. gxf5 Kh7 53. Qe4 Kh8
54. Kh4 Qb2 55. d4 Kg8 56. d5 Kf8 57. Qe3 Qh2+ 58. Kg4 h5+ 59. Kg5 h4 60. Kg4 a5
61. Qf4 Qh1 62. Qf3 Qg1+ 63. Kxh4 Qd4+ 64. Kh3 Kf7 65. Qe2 Kf8 66. Kg2 Qf4 67.
Qd3 Qg4+ 68. Kf2 Qf4+ 69. Ke2 Qh2+ 70. Ke3 Qg1+ 71. Ke4 Qg2+ 72. Ke5 Ke7 73. c5
Qb2+ 74. Ke4 1-0

[Event "AUTO-ELITE-1646"]
[Site "http://www.queenalice.com/game.php?id=1436439"]
[Date "2016.8.16"]
[Round "2"]
[White "ticoracer"]
[Black "headhunter"]
[Result "1/2-1/2"]
[WhiteElo "2509"]
[BlackElo "2655"]

1. d4 Nf6 2. Nf3 g6 3. c4 Bg7 4. Nc3 d6 5. e4 O-O 6. Be2 Na6 7. O-O e5 8. dxe5
dxe5 9. Be3 c6 10. Qxd8 Rxd8 11. Rad1 Re8 12. h3 Bf8 13. Bd3 Nd7 14. g4 Nac5 15.
Bc2 Ne6 16. Kg2 f6 17. Kg3 Kf7 18. h4 Nb6 19. b3 Bb4 20. Ne2 Nd7 21. g5 Ng7 22.
Kg2 Nh5 23. Bc1 a5 24. Ne1 Kg8 25. f3 Be7 26. Nd3 Nc5 27. gxf6 Nxd3 28. fxe7
Nxc1 29. Nxc1 Nf4+ 30. Kf2 Be6 31. Ne2 Nxe2 32. Kxe2 Rxe7 33. Rd6 a4 34. Rg1 Kf7
35. Rh1 axb3 36. axb3 Ree8 37. Ke3 Ke7 38. Rd2 Ra3 39. Rd3 Ra2 40. Rd2 Rea8 41.
f4 R8a3 42. h5 Rxc2 43. Rxc2 Rxb3+ 44. Kf2 exf4 45. hxg6 hxg6 46. c5 g5 47. Rh6
Bf7 48. Rd2 Rb5 49. Rc2 Be6 50. Kf3 Kf7 51. Rc3 Ra5 52. Rc2 Rb5 53. Rc3 Ra5 54.
Rc2 Rb5 1/2-1/2

[Event "AUTO-ELITE-1646"]
[Site "http://www.queenalice.com/game.php?id=1436442"]
[Date "2016.8.16"]
[Round "2"]
[White "ticoracer"]
[Black "pedrolopez"]
[Result "1-0"]
[WhiteElo "2475"]
[BlackElo "2371"]

1. e4 Nf6 2. Nc3 d5 3. exd5 Nxd5 4. Nf3 Bg4 5. h3 Bh5 6. d4 e6 7. Nxd5 exd5 8.
Bd3 Nc6 9. c3 Qf6 10. O-O Bxf3 11. Re1+ Be7 12. Qxf3 Qxf3 13. gxf3 a6 14. Bg5 g6
15. Bf6 Rg8 16. Rxe7+ 1-0

[Event "AUTO-ELITE-1646"]
[Site "http://www.queenalice.com/game.php?id=1436443"]
[Date "2016.8.16"]
[Round "2"]
[White "pedrolopez"]
[Black "ticoracer"]
[Result "0-1"]
[WhiteElo "2321"]
[BlackElo "2481"]

1. f4 Nf6 2. Nf3 e6 3. b3 d5 4. Bb2 Be7 5. e3 O-O 6. d4 c5 7. Bd3 b5 8. c3 Qb6
9. a3 c4 10. Be2 Nc6 11. Ne5 Na5 12. Nd2 cxb3 13. Nxb3 Nc4 14. Bc1 a5 15. Nxc4
dxc4 16. Nd2 Nd5 17. Bf3 Nxc3 18. Qc2 Nd5 19. Ne4 Bb7 0-1

[Event "AUTO-ELITE-1653"]
[Site "http://www.queenalice.com/game.php?id=1437402"]
[Date "2016.8.23"]
[Round "2"]
[White "Chuzete"]
[Black "ticoracer"]
[Result "0-1"]
[WhiteElo "2413"]
[BlackElo "2501"]

1. e4 e5 2. Nf3 Nc6 3. Bb5 a6 4. Ba4 Nf6 5. O-O Be7 6. Re1 O-O 7. c3 b5 8. Bb3
d6 9. h3 Bb7 10. d4 h6 11. Nbd2 exd4 12. cxd4 Na5 13. Bc2 Re8 14. b4 Nc6 15. a3
a5 16. Qe2 axb4 17. Qxb5 Qb8 18. axb4 Rxa1 0-1

[Event "AUTO-ELITE-1653"]
[Site "http://www.queenalice.com/game.php?id=1437403"]
[Date "2016.8.23"]
[Round "2"]
[White "ticoracer"]
[Black "Chuzete"]
[Result "1-0"]
[WhiteElo "2494"]
[BlackElo "2420"]

1. e4 c5 2. Nf3 d6 3. d4 cxd4 4. Nxd4 Nf6 5. Nc3 a6 6. Be2 e5 7. Nb3 Be7 8. Qd3
Be6 9. Be3 Nc6 10. O-O O-O 11. Rad1 Rc8 12. a3 Na5 13. Nxa5 Qxa5 14. f4 exf4 15.
Bxf4 Bc4 16. Qf3 Qb6+ 17. Kh1 Qxb2 18. Rb1 1-0

[Event "AUTO-ELITE-1653"]
[Site "http://www.queenalice.com/game.php?id=1437406"]
[Date "2016.8.23"]
[Round "2"]
[White "ticoracer"]
[Black "CarlosOlivas"]
[Result "1/2-1/2"]
[WhiteElo "2507"]
[BlackElo "2583"]

1. e4 e6 2. d4 d5 3. exd5 exd5 4. Nf3 Nc6 5. Nc3 Nf6 6. Bb5 Bb4 7. Bxc6+ bxc6 8.
O-O O-O 9. Ne5 Ba6 10. Re1 Re8 11. Bd2 Re6 12. a3 Bf8 13. Qf3 c5 14. dxc5 Bxc5
15. Nd3 Bxd3 16. cxd3 Qd7 17. Rac1 Bb6 18. Rxe6 fxe6 19. Qd1 e5 20. Na4 e4 21.
Nxb6 axb6 22. Bg5 exd3 23. Bxf6 gxf6 24. Qxd3 c5 25. Re1 Kh8 1/2-1/2

[Event "AUTO-ELITE-1653"]
[Site "http://www.queenalice.com/game.php?id=1437407"]
[Date "2016.8.23"]
[Round "2"]
[White "CarlosOlivas"]
[Black "ticoracer"]
[Result "1-0"]
[WhiteElo "2583"]
[BlackElo "2509"]

1. d4 Nf6 2. c4 e6 3. Nf3 Be7 4. Nc3 O-O 5. e4 d5 6. cxd5 exd5 7. e5 Ne4 8. Bd3
Bf5 9. Qc2 c5 10. Nxe4 dxe4 11. Bxe4 Bxe4 12. Qxe4 cxd4 13. Qxb7 Nd7 14. O-O Nc5
15. Qb5 Rb8 16. Qc4 Ne6 17. b3 Qc8 18. Qxc8 Rfxc8 19. Rd1 Rb5 20. h4 h6 21. Bb2
Rd8 22. Rdc1 g5 23. hxg5 hxg5 24. Rc4 Rb4 25. Rac1 d3 26. Nd2 a5 27. Rc8 Rb5 28.
Rxd8+ Bxd8 29. a4 Rd5 30. Kf1 Bc7 31. Nc4 Kh7 32. g3 Rd7 33. Ba3 Rd5 34. Rd1 Kg6
35. Kg2 g4 36. f4 gxf3+ 37. Kxf3 Rd4 38. Be7 Kg7 39. Ke3 Rg4 40. Rxd3 Rxg3+ 41.
Kd2 Rg4 42. Kc3 Kg6 43. Rf3 Rf4 44. Rxf4 Nxf4 45. Kd4 Kf5 46. Bd6 Ne6+ 47. Kd5
Bd8 48. Nxa5 Bxa5 49. b4 Bd8 50. a5 Bg5 51. b5 Bd2 52. a6 Be3 53. Kc6 Nd8+ 54.
Kd7 Ne6 55. Bc7 f6 56. exf6 Kxf6 57. Kc8 Nd4 58. a7 Nxb5 59. a8=Q Nxc7 60. Qf3+
1-0

[Event "AUTO-ELITE-1647"]
[Site "http://www.queenalice.com/game.php?id=1440860"]
[Date "2016.9.12"]
[Round "2"]
[White "Sexxy_Bunny"]
[Black "ticoracer"]
[Result "1/2-1/2"]
[WhiteElo "2739"]
[BlackElo "2512"]

1. e4 e5 2. Nf3 Nc6 3. Bb5 a6 4. Ba4 Nf6 5. O-O Be7 6. Re1 b5 7. Bb3 d6 8. c3
O-O 9. h3 Bb7 10. d4 Na5 11. Bc2 Re8 12. d5 Nc4 13. Nbd2 Nxd2 14. Bxd2 c6 15.
dxc6 Bxc6 16. Nh2 Qd7 17. Ng4 Red8 18. Qf3 Nxg4 19. hxg4 Rab8 20. Bb3 Rf8 21.
Re3 h6 22. Rd3 a5 23. Bd5 Bxd5 24. Rxd5 Qc6 25. Rd1 a4 26. a3 Qc4 27. Qd3 Qb3
28. Bc1 Rfc8 29. Qe2 Rc5 30. f3 Kh7 31. R5d3 Qc4 32. Kf2 Qe6 33. Be3 Rc7 34. Rd5
Rc4 35. Rh1 Kg8 36. Rdd1 f6 37. Qd2 Rc7 38. Qe1 Bd8 39. Kg3 Rcb7 40. Rd5 Bb6 41.
Bxb6 Rxb6 42. Kh2 Qd7 43. Kg3 Qe6 44. Qe3 Qe8 45. Qg1 Qd7 46. Qe3 Qe8 47. Qg1
Qd7 48. Qe3 Qe8 1/2-1/2

[Event "AUTO-ELITE-1647"]
[Site "http://www.queenalice.com/game.php?id=1440861"]
[Date "2016.9.12"]
[Round "2"]
[White "ticoracer"]
[Black "Sexxy_Bunny"]
[Result "0-1"]
[WhiteElo "2517"]
[BlackElo "2725"]

1. e4 c5 2. Nf3 d6 3. d4 cxd4 4. Nxd4 Nf6 5. Nc3 a6 6. Be2 e5 7. Nb3 Be7 8. O-O
O-O 9. Be3 Be6 10. h3 Nbd7 11. f4 Qc7 12. f5 Bc4 13. Bxc4 Qxc4 14. Qd3 Rac8 15.
Rfd1 b5 16. a3 Qc6 17. Re1 Nb6 18. Bxb6 Qxb6+ 19. Kh2 Rc4 20. Nd2 Rd4 21. Qe3
Qc7 22. Kh1 Rd8 23. Nb3 Rc4 24. Nd2 Rc6 25. Qd3 Rc8 26. Rac1 h6 27. Red1 Qb6 28.
Re1 Qd4 29. Nb3 Qf2 30. Re2 Qh4 31. Qf3 Nh5 32. Kh2 Bg5 33. Rd1 Rxc3 34. bxc3
Ng3 35. Ree1 Bf4 36. Kg1 Rc4 37. Nd2 Bxd2 38. Rxd2 Nxe4 39. Rde2 Nxc3 40. Qa8+
Kh7 41. Re3 e4 42. Qa7 Qf6 43. Qxa6 Rc7 44. Rxe4 Nxe4 45. Rxe4 Rc5 46. Qb6 Rxc2
47. Qxb5 Qc3 48. f6 g6 49. Qd5 Qa1+ 50. Kh2 Qxf6 51. Re1 Qf4+ 52. Kh1 Rd2 0-1

[Event "AUTO-OPEN-3629"]
[Site "http://www.queenalice.com/game.php?id=1455687"]
[Date "2016.12.20"]
[Round "3"]
[White "colombHouse"]
[Black "ticoracer"]
[Result "1-0"]
[WhiteElo "2509"]
[BlackElo "2500"]

1. d4 Nf6 2. Nc3 e6 3. e4 Be7 4. e5 Nd5 5. Qg4 g6 6. Bd2 Nxc3 7. Bxc3 d5 8. Nf3
c5 9. dxc5 Nd7 10. O-O-O Nxc5 11. h4 h6 12. Kb1 Bd7 13. Bd4 Qa5 14. h5 g5 15.
Nd2 Rc8 16. Rh3 O-O 17. f4 f5 18. exf6 e5 19. Qe2 Bxf6 20. fxe5 Bxh3 21. gxh3
Bg7 22. Nb3 Nxb3 23. axb3 Qc7 24. Bg2 Rcd8 25. e6 Rfe8 26. Bxg7 Kxg7 27. Bxd5
Kh8 28. h4 Qf7 29. Rg1 Qf6 30. Rf1 Qg7 31. c4 Rf8 32. Rxf8+ Rxf8 33. hxg5 Qxg5
34. Ka2 1-0

[Event "AUTO-OPEN-3629"]
[Site "http://www.queenalice.com/game.php?id=1455688"]
[Date "2016.12.20"]
[Round "3"]
[White "ticoracer"]
[Black "colombHouse"]
[Result "0-1"]
[WhiteElo "2508"]
[BlackElo "2501"]

1. e4 e5 2. Nf3 Nc6 3. d4 exd4 4. Nxd4 Bc5 5. Be3 Qf6 6. c3 Nge7 7. Qd2 a6 8.
Bc4 Ne5 9. Bb3 O-O 10. O-O Qg6 11. f3 a5 12. a4 b6 13. f4 Ng4 14. f5 Qh5 15. Bf4
Ba6 16. Re1 Qh4 17. Bd1 h5 18. Bg3 Qf6 19. Kh1 Bd6 20. Bxd6 Qxd6 21. Bxg4 hxg4
22. Qg5 Nc6 23. Qxg4 Rfe8 24. Qh4 f6 25. Nf3 Ne5 26. Nbd2 Nd3 27. Re3 Re7 28.
Ne1 Nxe1 29. Qxe1 Rae8 30. Qd1 Qc5 31. Rh3 Bb7 32. Qb3+ Rf7 33. Qd1 Bxe4 34. Qh5
Rfe7 0-1